| 000 | 00742nam a2200229 a 4500 | ||
|---|---|---|---|
| 001 | 000048903 | ||
| 005 | 20201002061511.0 | ||
| 008 | 190314s2016 dr 000 0 spa d | ||
| 020 | _a9789945167504 | ||
| 040 |
_aDO-SdBNP _bspa _cBNPHU |
||
| 082 |
_axxx _bF897e |
||
| 100 | 1 |
_aFrías, Leonel _976340 |
|
| 245 | 1 | 3 |
_aLa esencia de la adoración / _cLeonel Frías ; prólogo Cesarina Flores. |
| 260 |
_aSanto Domingo, : _bEdufecri, _c2016. |
||
| 300 |
_a120 p. ; _c22 cm. |
||
| 490 | 1 | _aVida cristiana; | |
| 504 | _aBibliografía p: 119-120 | ||
| 500 | _aIncluye datos biografícos del autor en la solapa de la portada. | ||
| 590 | _aInventariado, 2019/ YL | ||
| 700 | 1 | 2 |
_aFlores, Cesarina _eprol. _976341 |
| 830 | 0 |
_aVida cristiana _940317 |
|
| 999 |
_c48391 _d48391 |
||